| 000 | 00463nam a22001697a 4500 | ||
|---|---|---|---|
| 999 |
_c164610 _d164610 |
||
| 005 | 20190523124816.0 | ||
| 010 | _aB-225937 | ||
| 020 |
_a0195672771 _c595.00 |
||
| 035 | _aB-225937 | ||
| 037 | _bOxford University Press | ||
| 082 | _a954 | ||
| 100 | _aKimura, Masaaki. | ||
| 245 |
_aThe state in india / _cMasaaki Kimura. |
||
| 260 |
_aNew Delhi _bOxford University Press _c2006 |
||
| 300 |
_a325p _c22cm (hbk) |
||
| 942 |
_2ddc _cEN _h954 _mSTA |
||